Ship Sanitation, Health and Hygiene (Record no. 3208)

000 -LEADER
fixed length control field 02455nam a22004095i 4500
007 - PHYSICAL DESCRIPTION FIXED FIELD--GENERAL INFORMATION
fixed length control field cr nn 008mamaa
008 - FIXED-LENGTH DATA ELEMENTS--GENERAL INFORMATION
fixed length control field 240125s2024 sz | s |||| 0|eng d
020 ## - INTERNATIONAL STANDARD BOOK NUMBER
International Standard Book Number 9783031516672
-- 978-3-031-51667-2
040 ## - CATALOGING SOURCE
Original cataloging agency IMU Kochi Library
Language of cataloging eng
041 0# - LANGUAGE CODE
Language code of text/sound track or separate title eng
082 04 - DEWEY DECIMAL CLASSIFICATION NUMBER
Classification number 623.8
Edition number 23
100 1# - MAIN ENTRY--PERSONAL NAME
Personal name Karkori, Fidaa.
245 10 - TITLE STATEMENT
Title Ship Sanitation, Health and Hygiene
Medium [electronic resource] :
Sub Title An Approach to Better Welfare for Modern Seafarers /
250 ## - EDITION STATEMENT
Edition statement 1st ed. 2024.
300 ## - PHYSICAL DESCRIPTION
Extent XXXIII, 381 p. 63 illus., 58 illus. in color.
Other physical details online resource.
490 1# - SERIES STATEMENT
Series statement Synthesis Lectures on Ocean Systems Engineering,
505 0# - FORMATTED CONTENTS NOTE
Formatted contents note Part 1: Context of Health and Safety in the Maritime Environment -- General duties and responsibilities for crew safety, health and welfare on ships -- Health and safety and the maritime environment -- Shipboard emergencies and emergency equipment -- Health and safety during the carriage of dangerous goods -- Means of access, safe movement, and enclosed spaces -- Manual handling, tools, and deck maintenance -- Working in dangerous conditions -- Part 2: Healthy Living at Sea -- Importance of good health and hygiene on ships -- Water management practices for ships -- Water safety planning.
520 ## - SUMMARY, ETC.
Summary, etc This book has been written to account for improvements in the regulatory regime for shipboard health, safety and welfare. It considers the various regulations and statutory requirements for sanitation, the provision of potable and non-drinkable water, food and provisions, disease and infectious transfer, management of vectors and general health and safety onboard modern merchant and cruise ships.
650 #0 - SUBJECT ADDED ENTRY--TOPICAL TERM
Topical term or geographic name as entry element Marine engineering.
650 #0 - SUBJECT ADDED ENTRY--TOPICAL TERM
Topical term or geographic name as entry element Occupational health services.
650 #0 - SUBJECT ADDED ENTRY--TOPICAL TERM
Topical term or geographic name as entry element Shipping.
650 14 - SUBJECT ADDED ENTRY--TOPICAL TERM
Topical term or geographic name as entry element Marine Engineering.
650 24 - SUBJECT ADDED ENTRY--TOPICAL TERM
Topical term or geographic name as entry element Occupational Health.
650 24 - SUBJECT ADDED ENTRY--TOPICAL TERM
Topical term or geographic name as entry element Maritime Economics.
830 #0 - SERIES ADDED ENTRY--UNIFORM TITLE
Uniform title Synthesis Lectures on Ocean Systems Engineering,
852 ## - LOCATION/CALL NUMBER
Location IMU Kochi Library
856 40 - ELECTRONIC LOCATION AND ACCESS
Uniform Resource Identifier <a href="https://doi.org/10.1007/978-3-031-51667-2">https://doi.org/10.1007/978-3-031-51667-2</a>
904 ## - LOCAL DATA ELEMENT D, LDD (RLIN)
CATALOGER Rudra Ranjan
905 ## - LOCAL DATA ELEMENT E, LDE (RLIN)
VERIFIER Rudra Ranjan
942 ## - ADDED ENTRY ELEMENTS (KOHA)
Item type E-Book
100 1# - MAIN ENTRY--PERSONAL NAME
-- (orcid)0009-0005-5299-3782
-- https://orcid.org/0009-0005-5299-3782
264 #1 -
-- Cham :
-- Springer Nature Switzerland :
-- Imprint: Springer,
-- 2024.
338 ## -
-- online resource
830 #0 - SERIES ADDED ENTRY--UNIFORM TITLE
-- 2692-4471

No items available.



Copyright © All Rights Reserved by Indian Maritime University, Kochi Campus.
For any Suggestions/Query Contact to library or Email: library.kochi@imu.ac.in Ph:(0484)-2989402
(Web OPAC Designed by Rudra Ranjan. Maintained by IMU Kochi Library)

Powered by Koha